000 00480cam a2200205ua 4500
001 8590
005 20260515114343.0
008 150206n ii |||gr||||Z||||||eng
020 _a9789381688311
040 _cMAIN
041 _aeng
082 _a826
100 _aDas, S. M.,
_eAuthor.
245 1 _aFavourite essays & letters
_cBy Sonali mathur Das
250 _a1st.
260 _aNew Delhi:
_bFuture,
_c2012.
300 _a248p.
653 _aEnglish letters
942 _cBK
999 _c7684
_d7684